SCI-Network (Record no. 112731)
[ view plain ]
| 000 -LEADER | |
|---|---|
| fixed length control field | 00951cad a22001935a 4500 |
| 001 - CONTROL NUMBER | |
| control field | L153860 |
| 008 - FIXED-LENGTH DATA ELEMENTS--GENERAL INFORMATION | |
| fixed length control field | 110914s2011 xxk f 000 0 eng d |
| 035 ## - SYSTEM CONTROL NUMBER | |
| System control number | (Sirsi) u153860 |
| 041 0# - LANGUAGE CODE | |
| Language code of text/sound track or separate title | eng |
| 110 2# - MAIN ENTRY--CORPORATE NAME | |
| Corporate name or jurisdiction name as entry element | SCI-Network |
| 9 (RLIN) | 5976 |
| 245 00 - TITLE STATEMENT | |
| Title | SCI-Network |
| Remainder of title | sustainable construction and innovation through procurement |
| Medium | [electronic resource] |
| 260 ## - PUBLICATION, DISTRIBUTION, ETC. | |
| Place of publication, distribution, etc. | London |
| Name of publisher, distributor, etc. | SCI-Network |
| Date of publication, distribution, etc. | 2011 |
| 520 ## - SUMMARY, ETC. | |
| Summary, etc. | Website of SCI-Network which is a growing European network of public authorities working together to find new, sustainable construction solutions, and encourage innovation in construction procurement. Working groups, discussion forum, events across Europe, useful links to other organisations, case studies, construction procurement tools, innovative technologies, and reports. |
| 590 ## - LOCAL NOTE (RLIN) | |
| Local note | KA NTK |
| 651 #4 - SUBJECT ADDED ENTRY--GEOGRAPHIC NAME | |
| Geographic name | Europe |
| 690 ## - LOCAL SUBJECT ADDED ENTRY--TOPICAL TERM (OCLC, RLIN) | |
| Topical term or geographic name as entry element | Procurement |
| 9 (RLIN) | 6260 |
| 856 40 - ELECTRONIC LOCATION AND ACCESS | |
| Uniform Resource Identifier | <a href="https://www.sci-network.eu/home/">https://www.sci-network.eu/home/</a> |
| Public note | View the website at www.sci-network.eu |
| 942 ## - ADDED ENTRY ELEMENTS (KOHA) | |
| Suppress in OPAC | 0 |
| Withdrawn status | Lost status | Source of classification or shelving scheme | Damaged status | Not for loan | Home library | Current library | Shelving location | Date acquired | Total Checkouts | Full call number | Barcode | Date last seen | Copy number | Price effective from | Koha item type |
|---|---|---|---|---|---|---|---|---|---|---|---|---|---|---|---|
| Dewey Decimal Classification | Virtual | Virtual | Online | 14/09/2011 | WEB-SITE | 153860-2001 | 06/08/2019 | 1 | 06/08/2019 | Online material |